000 00382nam a2200169Ia 4500
003 0100
008 130303s9999 xx 000 0 und d
040 _cARRUPELIB
050 _aHM101.F5 1964
100 _aFirth, Raymond
245 _aEssays on social organization and values
260 _aNY
260 _bThe Athlone Press
260 _C1964
300 _a326p
942 0 0 _01
999 _c40954
_d40954